000 01840nam0a22003491 4500
001 v19\rc\1843776
005 20251118180029.8
035 _a(NLR Aleph) 004936811
090 _a5738293
_c5738293
100 _a20071224d1908 |||y0rusy50 ca
101 0 _arus
102 _aRU
105 _ay z |||||
200 1 _aУстав гражданского судопроизводства
_e(Св. зак. т. 16, ч. 1, изд. 1892 г., по Прод. 1906 г.)
_eС законодат. мотивами, разъясн. Правительствующего сената
_e(Гражд. кас. деп., Общ. собр. 1, 2 и Кассац. деп. и Соедин. присутствия 1 и Гражд. кас. деп. - по 1 дек. 1907 г.) и коммент. рус. юристов, извлеч. из науч. и практ. трудов по гражд. праву и судопр-ву (по 1 нояб. 1907 г.)
_fСост. И.М. Тютрюмов, обер-прокурор 2 Деп. Правительствующего сената, прив.-доц. С.-Петерб. ун-та
205 _aНеофиц. изд.
210 _aСанкт-Петербург
_cСпб. т-во печ. и изд. дела "Труд"
_d1908
215 _aXII, 1891 с.
_d23
300 _aВ конце предисл. авт.: Игорь Тютрюмов
320 _aБиблиогр. в конце текста
700 1 _aТютрюмов
_bИ. М.
_f1855-
_gИгорь Матвеевич
_4220
801 0 _aRU
_bNLR
_gpsbo
801 0 _aRU
_bRuMoRGB
_2psbo
801 1 _aRU
_bProSoft-M
_2rusmarc
852 _aNLR
_j37.10.7.46
899 _aRuMoRGB
_jA 210/33
899 _aRuMoRGB
_jU 114/540
899 _aRuMoRGB
_jU 277/37
899 _aБАН
899 _aНБ СПбГУ
899 _aНБ МГУ
942 _cBOOK
980 _aNB